000 00529nam a2200193Ia 4500
005 20250923144821.0
008 008 250917s9999 xx 000 0 eng d
037 _aTextual
040 _aDSWL
_beng
_cDSWL
041 _aeng
_2eng
084 _aX:9p2,N42, N61
_qDSWL
245 0 _aSummary of the proceedings of the Indian labor conference
260 _aNew Delhi
_bDelhi
_c1960
300 _a32p.
365 _aINR
_b0.70
925 _g0.70
942 _cTEXL
_hX:9p2,N42, N61
999 _c1443721
_d1443721